000 00742nam a2200253Ia 4500
003 OSt
005 20221005035132.0
006 a|||||r|||| 00| 0
007 ta
008 221004b |||||||| |||| 00| 0 ben d
020 _a8190344307 (pbk)
_c400
024 _a300
037 _bM/2008/6, 05/02/2008, Mukta Dhara
_cTextual
040 _aCRL
_cCRL
_bben
041 _2ben
_aben
082 _aY15, 157P6
100 _aThinkers Marxist
_9213301
245 0 _aMarxiya bikshay narimukti
260 _aDelhi
_bIndia
_c2006
650 _aSOCIOLOGY
700 _a Aich Rupa Ed.
_9213302
942 _hY15, 157P6
_cTEXL
_2cc
999 _c944652
_d944652